000 00674nam a2200241 a 4500
001 0001-1158
003 ELIB.Books
008 150506 2010 eng
020 _a0671884239
035 _a(ELIB.Books)0001-1313
092 _a268.432
_bKil
100 _aKilpatrick, William
245 _aBooks That Build Character
_bA Guide to Teaching Your Child Moral Values Through Stories
260 _aNew Your
_bA Touchstone Book
_c1994
300 _a332
_c22 Cm
500 _aC/o Moe Lwei
650 _aChristian Education
856 _nKBTS: Library
_uKBTS: Elib
942 _2ddc
_cBK
990 _a1
998 _cbat
_e2015-05-06
999 _c11158
_d11158